000 00210nam a2200097Ia 4500
008 190216s9999||||xx |||||||||||||| ||und||
100 _aArtol Francise
245 0 _aPenguin Rajyam
260 _bNull
942 _cBK
999 _c24633
_d24633